Glimpse of Sufism/ (Record no. 187589)

MARC details
000 -LEADER
fixed length control field 00525nam a22001817a 4500
005 - DATE AND TIME OF LATEST TRANSACTION
control field 20220425122956.0
010 ## - LCCN (DPL NO)
LC control number ENG-132386
020 ## - INTERNATIONAL STANDARD BOOK NUMBER
International Standard Book Number 9788193797631
Terms of availability 975.00
035 ## - SYSTEM CONTROL NUMBER
System control number EN-115918
037 ## - SOURCE OF ACQUISITION
Source of stock number/acquisition DBAD/PUB
082 ## - DEWEY DECIMAL CLASSIFICATION NUMBER
Classification number 297.4
100 ## - MAIN ENTRY--PERSONAL NAME
Personal name Bhatnagar, Seema
245 ## - TITLE STATEMENT
Title Glimpse of Sufism/
Statement of responsibility, etc Seema Bhatnagar
260 ## - PUBLICATION, DISTRIBUTION, ETC. (IMPRINT)
Place of publication, distribution, etc Varanasi
Name of publisher, distributor, etc Krishna Prakashan
Date of publication, distribution, etc 2018
270 ## - ADDRESS
City Varanasi
Address B5/25, Oudhgarvi Sonarpura
Postal code 221001
300 ## - PHYSICAL DESCRIPTION
Extent 232p.
Other physical details Bibliogaraphy
Dimensions 23cm(hbk)
942 ## - ADDED ENTRY ELEMENTS (KOHA)
Source of classification or shelving scheme Dewey Decimal Classification
Item type English Books
Classification part 297.4
Call number suffix BHA
Holdings
Withdrawn status Lost status Not for loan Collection code Home library Current library Date acquired Source of acquisition Cost, normal purchase price Full call number Barcode Copy number Cost, replacement price Koha item type
      Non-fiction Bawana Bawana 25/04/2022 DBAD/PUB 975.00 297.4 BHA EN-115918 1 975.00 English Books

© Delhi Public Library
Hit Counter
free hit counter